[Event "I Open"]
[Site "Crema ITA"]
[Date "1999.09.18"]
[Round "4"]
[White "Rigo, Gianfrancesco"]
[Black "Ferrarini, Alessio"]
[Result "0-1"]
[WhiteElo "1873"]
[BlackElo "1606"]
[PlyCount "112"]
[EventDate "1999.09.17"]

1.e4 Nf6 2.e5 Nd5 3.c4 Nb6 4.d4 d6 5.f4 dxe5 6.fxe5 Nc6 7.Be3 Bf5 8.Nc3 e6
9.Nf3 Bg4 10.Qd2 Be7 11.O-O-O Nb4 12.a3 Nc6 13.h3 Bf5 14.g4 Bg6 15.h4 Na5 
16.b4 Nb3+ 17.Kb2 Nxd2 18.Rxd2 h6 19.d5 exd5 20.cxd5 O-O 21.h5 Bh7 22.Rg1 
a5 23.b5 Bg5 24.Nxg5 hxg5 25.h6 Nd7 26.hxg7 Re8 27.e6 f6 28.Rh1 Kxg7 29.
Rdh2 Bg6 30.Bd4 Ne5 31.Rh6 Qd6 32.Bxe5 Qxe5 33.Rxg6+ Kxg6 34.Bd3+ Kg7 35.
Rh7+ Kg8 36.Kb3 a4+ 37.Kc2 Rad8 38.Rf7 Rxe6 39.dxe6 Rxd3 40.Kxd3 Qxe6 41.
Rxc7 Qd6+ 42.Nd5 Qxd5+ 43.Kc2 Qxb5 44.Rc3 Qe2+ 45.Kc1 Qxg4 46.Rd3 Kg7 47.
Kd2 Qg2+ 48.Kc3 Kg6 49.Rd4 Qa2 50.Rxa4 b5 51.Ra5 Qc4+ 52.Kb2 g4 53.Ra8 g3 
54.a4 bxa4 55.Rd8 a3+ 56.Ka1 Qc3+ 0-1

[Event "I Open"]
[Site "Crema ITA"]
[Date "1999.09.18"]
[Round "4"]
[White "Rovedi, Mauro"]
[Black "Vujovic, Milorad"]
[Result "0-1"]
[WhiteElo "1654"]
[BlackElo "2258"]
[PlyCount "81"]
[EventDate "1999.09.17"]

1.f4 e5 2.fxe5 Nc6 3.Nf3 g5 4.d4 g4 5.Ng5 Bh6 6.h4 gxh3 7.Nxh3 Bxc1 8.Qxc1
Nxd4 9.Qd2 Nc6 10.Qf4 Qe7 11.Ng5 Nxe5 12.Nxh7 Kd8 13.Nc3 c6 14.O-O-O f6 
15.Nxf6 Rxh1 16.Nxg8 Qg7 17.Ne4 Nf7 18.Nef6 Qg5 19.e3 Qxf4 20.exf4 d5 21.
g4 Rg1 22.Re1 Nd6 23.f5 Ne4 24.c4 Ng3 25.Re8+ Kc7 26.c5 Rxf1+ 27.Kc2 Bxf5+
28.gxf5 Rxe8 29.Nxe8+ Kd8 30.Nd6 Nxf5 31.Nxb7+ Kc7 32.Na5 Rf2+ 33.Kc3 d4+ 
34.Kd3 Rxb2 35.a3 Rb5 36.Nc4 Rxc5 37.Nf6 Rb5 38.Ke4 Nd6+ 39.Kxd4 Nxc4 40.
Kxc4 Rf5 41.Kd3 0-1

[Event "I Open"]
[Site "Crema ITA"]
[Date "1999.09.18"]
[Round "4"]
[White "Sberse, Luca"]
[Black "Vecchia, Mario"]
[Result "1/2-1/2"]
[WhiteElo "1527"]
[BlackElo "1488"]
[PlyCount "53"]
[EventDate "1999.09.17"]

1.Nf3 Nf6 2.g3 d5 3.Bg2 g6 4.O-O Bg7 5.d3 c6 6.Nbd2 O-O 7.c3 Nbd7 8.e4 
dxe4 9.dxe4 Nc5 10.Qe2 Qd3 11.Qxd3 Nxd3 12.Rd1 Ng4 13.Rf1 Rd8 14.h3 Nge5 
15.Nxe5 Nxc1 16.Raxc1 Rxd2 17.Nc4 Rd8 18.f4 b6 19.Ne3 Rd3 20.Rf3 Bb7 21.
Nc4 Rad8 22.Rxd3 Rxd3 23.g4 Ba6 24.Na3 Rd2 25.Rc2 Rxc2 26.Nxc2 c5 27.e5 
1/2-1/2

[Event "I Open"]
[Site "Crema ITA"]
[Date "1999.09.19"]
[Round "5"]
[White "Aglio, Michele"]
[Black "Di Cataldo, Cesare"]
[Result "0-1"]
[WhiteElo "1648"]
[BlackElo "1803"]
[PlyCount "42"]
[EventDate "1999.09.17"]

1.Nf3 Nf6 2.c4 d6 3.Nc3 g6 4.d4 Bg7 5.e4 O-O 6.Be2 e5 7.d5 Na6 8.a3 Nc5 9.
Qc2 a5 10.Rb1 Nfxe4 11.Nxe4 Nxe4 12.b4 axb4 13.axb4 f5 14.h4 h6 15.Rb3 Bd7
16.Ra3 Rxa3 17.Bxa3 Qa8 18.Bb2 Qa2 19.O-O Ba4 20.Ra1 Qxa1+ 21.Bxa1 Bxc2 
0-1

[Event "I Open"]
[Site "Crema ITA"]
[Date "1999.09.19"]
[Round "5"]
[White "Agrifoglio, Fabio"]
[Black "Mastrorilli, Nicola"]
[Result "0-1"]
[WhiteElo "2010"]
[BlackElo "1932"]
[PlyCount "124"]
[EventDate "1999.09.17"]

1.d4 Nf6 2.c4 e6 3.Nc3 Bb4 4.Qc2 O-O 5.a3 Bxc3+ 6.Qxc3 b6 7.Bg5 Bb7 8.Nf3 
d5 9.Bxf6 Qxf6 10.c5 Qe7 11.Rc1 b5 12.e3 c6 13.Bd3 Nd7 14.O-O a5 15.b4 
axb4 16.axb4 f6 17.Qc2 g6 18.Qb3 Ra6 19.Rfe1 Rfa8 20.e4 Ra3 21.Qd1 Qf7 22.
exd5 exd5 23.Bb1 Nf8 24.Qe2 Bc8 25.Qb2 Ne6 26.Rc3 Rxc3 27.Qxc3 Ra4 28.Bc2 
Ra6 29.Ra1 Qa7 30.Ra5 Nf4 31.Qa1 Rxa5 32.Qxa5 Qxa5 33.bxa5 Kf7 34.Kf1 Ke7 
35.g3 Ne6 36.Ke2 Kd8 37.Ke3 Kc7 38.Nd2 Kb7 39.Nb3 Ka6 40.h4 Ng7 41.Kf4 Bh3
42.Bd3 Bd7 43.g4 Ne6+ 44.Kg3 Ng7 45.f3 Ne6 46.h5 Be8 47.f4 Nd8 48.Kh4 Nb7 
49.g5 fxg5+ 50.Kxg5 gxh5 51.Bf5 Bg6 52.Bc8 Bc2 53.f5 Ka7 54.f6 Nd8 55.Nd2 
b4 56.Bd7 b3 57.Bxc6 Nxc6 58.f7 Nd8 59.Kf6 Nxf7 60.Kxf7 h4 61.c6 h3 62.c7 
Kb7 0-1

[Event "I Open"]
[Site "Crema ITA"]
[Date "1999.09.19"]
[Round "5"]
[White "Annoni, Riccardo"]
[Black "Mondello, Fernando"]
[Result "1-0"]
[WhiteElo "1855"]
[BlackElo "1563"]
[PlyCount "79"]
[EventDate "1999.09.17"]

1.e4 c5 2.Nf3 Nc6 3.c3 d5 4.e5 Bg4 5.Bb5 Qd7 6.d4 e6 7.Be3 a6 8.Bd3 c4 9.
Bc2 Nge7 10.Nbd2 Bf5 11.Nh4 Bxc2 12.Qxc2 Ng6 13.Nhf3 Be7 14.h4 h5 15.Bg5 
b5 16.O-O Bxg5 17.Nxg5 Nxh4 18.b4 a5 19.a3 a4 20.Qd1 O-O-O 21.Ndf3 Ng6 22.
Re1 Nf4 23.Qd2 Nd3 24.Re3 Kb7 25.Ne1 Nxe1 26.Raxe1 Rdf8 27.Rf3 Qe7 28.Qf4 
Nd8 29.Rfe3 h4 30.Qg4 g6 31.Rf3 Rh5 32.Rf6 h3 33.g3 Qe8 34.Re3 Kc7 35.Kh2 
Kd7 36.Ref3 Ke7 37.R3f4 Rfh8 38.Nxf7 Nxf7 39.Qxe6+ Kd8 40.Qb6+ 1-0

[Event "I Open"]
[Site "Crema ITA"]
[Date "1999.09.19"]
[Round "5"]
[White "Castagneti, Marco"]
[Black "Agnelli, Francesco"]
[Result "0-1"]
[WhiteElo "1630"]
[BlackElo "2090"]
[PlyCount "90"]
[EventDate "1999.09.17"]

1.e4 c5 2.Nf3 Nc6 3.d4 cxd4 4.Nxd4 e5 5.Nf3 Nf6 6.Nbd2 Bc5 7.Bd3 O-O 8.O-O
d6 9.h3 a6 10.a3 h6 11.Nc4 b5 12.Ne3 Ne7 13.Re1 Ng6 14.Nf1 Bb7 15.b4 Bb6 
16.Ng3 Rc8 17.Bd2 Re8 18.Qc1 Kh7 19.Qd1 Rc7 20.Rc1 Kg8 21.c3 Qa8 22.Qc2 
Qa7 23.Be3 Rec8 24.Qd2 Bxe3 25.Rxe3 Qb6 26.Bb1 Nf4 27.Qe1 g6 28.Kh2 a5 29.
Nh4 axb4 30.axb4 Kh7 31.Qd2 Rd7 32.Rf3 Qd8 33.Rxf4 exf4 34.Qxf4 Qe7 35.Nf3
Rc4 36.Bd3 Rc8 37.Nd4 Qe5 38.Qe3 Rdd8 39.f4 Nd5 40.fxe5 Nxe3 41.e6 fxe6 
42.Nxe6 Re8 43.Nd4 Rf8 44.Bxb5 Rf2 45.Nh1 Rxg2# 0-1

[Event "I Open"]
[Site "Crema ITA"]
[Date "1999.09.19"]
[Round "5"]
[White "Everet, Alexandro"]
[Black "Dragojlovic, Andjelko"]
[Result "0-1"]
[WhiteElo "2294"]
[BlackElo "2350"]
[PlyCount "70"]
[EventDate "1999.09.17"]

1.d4 Nf6 2.Nf3 g6 3.e3 Bg7 4.c4 O-O 5.Nc3 d5 6.cxd5 Nxd5 7.Bc4 Nb6 8.Bb3 
Na6 9.O-O c5 10.h3 Bf5 11.Na4 Nxa4 12.Bxa4 Rc8 13.Bb5 Qb6 14.Bd3 Bxd3 15.
Qxd3 Rfd8 16.Qe2 Rd7 17.Ne5 Bxe5 18.dxe5 Rcd8 19.e4 Nb4 20.Be3 Nd3 21.f4 
Qxb2 22.Qg4 e6 23.Qg5 c4 24.Rab1 Qa3 25.f5 Qe7 26.f6 Qf8 27.h4 c3 28.Kh2 
c2 29.Rb3 Rc8 30.Bc1 Nxc1 31.Rxc1 h6 32.Qf4 Rd1 33.Rxb7 Rxc1 34.Qxc1 Qc5 
35.Rb2 Qxe5+ 0-1

[Event "I Open"]
[Site "Crema ITA"]
[Date "1999.09.19"]
[Round "5"]
[White "Faggiani, Marco"]
[Black "Bellini, Roberto"]
[Result "1/2-1/2"]
[WhiteElo "1605"]
[BlackElo "1461"]
[PlyCount "128"]
[EventDate "1999.09.17"]

1.d4 d5 2.Nf3 e6 3.e3 Be7 4.Bd3 f5 5.O-O Nf6 6.b3 O-O 7.Bb2 Ne4 8.Nbd2 Nd7
9.c4 Ndf6 10.Ne5 Bb4 11.Bxe4 fxe4 12.a3 Be7 13.b4 Bd7 14.f3 exf3 15.Ndxf3 
Ne4 16.Qd3 Be8 17.Nd2 Nd6 18.cxd5 Bb5 19.Rxf8+ Bxf8 20.Qc2 exd5 21.e4 Qe8 
22.exd5 Qh5 23.Ndf3 Re8 24.a4 a6 25.axb5 Nxb5 26.Qc4 Bd6 27.Rf1 Rf8 28.Bc1
Qf5 29.Qd3 Qxd3 30.Nxd3 Nc3 31.Re1 Nxd5 32.Bd2 Nf6 33.Bg5 Nd5 34.Bd2 b6 
35.Nfe5 Nf6 36.Nc4 Rd8 37.Nxd6 Rxd6 38.Bc3 Kf8 39.h3 Nd5 40.Bb2 Rc6 41.Rc1
Re6 42.Ba3 Kg8 43.Ne5 g6 44.Rf1 Nc3 45.Bb2 Nd5 46.Ng4 Kg7 47.Bc1 g5 48.Bd2
h6 49.Ne5 Re7 50.Kf2 Nf6 51.Ke3 c5 52.bxc5 bxc5 53.Bc3 Nd5+ 54.Kd3 Nf4+ 
55.Kc4 cxd4 56.Bxd4 Rc7+ 57.Kb4 Ne6 58.Ba1 Kh7 59.Rf7+ Rxf7 60.Nxf7 Nf4 
61.g4 Nxh3 62.Ne5 Nf4 63.Ka5 h5 64.gxh5 Nxh5 1/2-1/2

[Event "I Open"]
[Site "Crema ITA"]
[Date "1999.09.19"]
[Round "5"]
[White "Ferrarini, Alessio"]
[Black "Isonzo, David"]
[Result "0-1"]
[WhiteElo "1606"]
[BlackElo "2257"]
[PlyCount "92"]
[EventDate "1999.09.17"]

1.e4 c5 2.Nf3 d6 3.d4 cxd4 4.Nxd4 Nf6 5.Nc3 g6 6.Be3 Bg7 7.Qd2 O-O 8.f3 
Nc6 9.g4 Qa5 10.h4 h5 11.gxh5 Nxh5 12.Nxc6 bxc6 13.Bd4 Bxd4 14.Qxd4 Be6 
15.O-O-O Rab8 16.Rg1 Qb6 17.b3 Qxd4 18.Rxd4 Rb7 19.Rg5 c5 20.Rd2 Kg7 21.
Rf2 f6 22.Rg1 Nf4 23.Ne2 Nxe2+ 24.Bxe2 Rh8 25.Rfg2 Bf7 26.Rh2 Rh6 27.f4 
Rb8 28.e5 Rbh8 29.exd6 exd6 30.h5 Kf8 31.hxg6 Rxh2 32.g7+ Ke7 33.gxh8=Q 
Rxh8 34.f5 d5 35.Re1 Kd6 36.c4 d4 37.Kd2 Rh2 38.Kd3 Rf2 39.Rf1 Rxf1 40.
Bxf1 Ke5 41.Bh3 a5 42.a3 Be8 43.b4 axb4 44.axb4 cxb4 45.Bg2 Bd7 46.Be4 b3 
0-1

[Event "I Open"]
[Site "Crema ITA"]
[Date "1999.09.19"]
[Round "5"]
[White "Luciani, Valerio"]
[Black "Mione, Dario"]
[Result "1/2-1/2"]
[WhiteElo "2229"]
[BlackElo "2303"]
[PlyCount "29"]
[EventDate "1999.09.17"]

1.e4 c5 2.Nc3 a6 3.a4 e6 4.Nf3 Nc6 5.d4 cxd4 6.Nxd4 Qc7 7.g3 Nf6 8.Bg2 
Nxd4 9.Qxd4 Bc5 10.Qd3 d6 11.O-O Bd7 12.Ne2 O-O 13.h3 d5 14.exd5 Nxd5 15.
c3 1/2-1/2

[Event "I Open"]
[Site "Crema ITA"]
[Date "1999.09.19"]
[Round "5"]
[White "Mrdja, Milan"]
[Black "Drei, Andrea"]
[Result "1-0"]
[WhiteElo "2425"]
[BlackElo "2349"]
[PlyCount "105"]
[EventDate "1999.09.17"]

1.e4 c5 2.Nf3 e6 3.d4 cxd4 4.Nxd4 Nc6 5.Nb5 d6 6.c4 Nf6 7.N1c3 a6 8.Na3 
Be7 9.Be2 O-O 10.O-O b6 11.Be3 Ne5 12.Qb3 Rb8 13.Rfd1 Qc7 14.f3 Ned7 15.
Rac1 Nc5 16.Qc2 Rd8 17.Bf1 h6 18.Qf2 Nh7 19.Kh1 Nf8 20.Nab1 Ng6 21.b4 Nd7 
22.Nd2 Bg5 23.f4 Bh4 24.Qf3 Be7 25.Be2 Nf6 26.Qf2 Qb7 27.Bf3 Qc7 28.Na4 
Nd7 29.g3 Qc6 30.Nc3 Qc7 31.h4 Bb7 32.h5 Ngf8 33.Nd5 exd5 34.cxd5 Nc5 35.
bxc5 bxc5 36.Nc4 Qc8 37.Kh2 Nd7 38.e5 dxe5 39.fxe5 Bg5 40.Bf4 Ba8 41.Rc2 
Bxf4 42.gxf4 Qc7 43.Qg3 Kh8 44.Rg1 Rg8 45.Nd6 Nf6 46.Rxc5 Rb2+ 47.Kh1 Qe7 
48.exf6 Qxf6 49.Ne4 Qd4 50.Rd1 Qb4 51.Nd6 g5 52.Nxf7+ Kg7 53.Nxg5 1-0

[Event "I Open"]
[Site "Crema ITA"]
[Date "1999.09.19"]
[Round "5"]
[White "Righini, Giovanni"]
[Black "Prelati, Maurizio"]
[Result "0-1"]
[WhiteElo "1767"]
[BlackElo "2129"]
[PlyCount "38"]
[EventDate "1999.09.17"]

1.e4 c5 2.c3 d5 3.exd5 Qxd5 4.d4 Nc6 5.Nf3 cxd4 6.Na3 e6 7.Nb5 Bd6 8.Be2 
Bb8 9.Nbxd4 Nge7 10.O-O O-O 11.Nxc6 Qxc6 12.Bd3 b6 13.Bxh7+ Kxh7 14.Ng5+ 
Kg6 15.h4 Rh8 16.h5+ Rxh5 17.Nh3 f5 18.Qd8 Bb7 19.f3 Bh2+ 0-1

[Event "I Open"]
[Site "Crema ITA"]
[Date "1999.09.19"]
[Round "5"]
[White "Sartorio, Diego"]
[Black "Del Giudice, Stefano"]
[Result "1/2-1/2"]
[WhiteElo "1594"]
[BlackElo "1783"]
[PlyCount "46"]
[EventDate "1999.09.17"]

1.e4 c5 2.c3 Nf6 3.e5 Nd5 4.g3 d6 5.exd6 e6 6.Bg2 Bxd6 7.Nf3 Nc6 8.O-O O-O
9.Na3 a6 10.Nc2 Qc7 11.Ng5 Nf6 12.d4 cxd4 13.Nxd4 e5 14.Nxc6 bxc6 15.Qc2 
h6 16.Ne4 Nxe4 17.Qxe4 Bb7 18.f4 f5 19.Qc4+ Kh7 20.fxe5 Bxe5 21.Bf4 Qb6+ 
22.Kh1 Bxf4 23.Qxf4 c5 1/2-1/2

[Event "I Open"]
[Site "Crema ITA"]
[Date "1999.09.19"]
[Round "5"]
[White "Scarpellini, Felice"]
[Black "Rigo, Gianfrancesco"]
[Result "0-1"]
[WhiteElo "1540"]
[BlackElo "1873"]
[PlyCount "123"]
[EventDate "1999.09.17"]

1.c4 Nf6 2.Nc3 g6 3.g3 Bg7 4.Bg2 O-O 5.Nf3 d6 6.O-O e5 7.d3 Nc6 8.Rb1 Bf5 
9.e4 Bg4 10.h3 Bxf3 11.Bxf3 Nd4 12.Bg2 Nd7 13.Ne2 Nxe2+ 14.Qxe2 Nc5 15.f4 
exf4 16.Bxf4 Qe7 17.Qd2 Ne6 18.Bh6 Bd4+ 19.Kh2 Rfe8 20.Be3 Be5 21.Rf2 c5 
22.Rbf1 Rf8 23.Bh6 Ng7 24.Bg5 f6 25.Bf4 Ne6 26.Bxe5 dxe5 27.a3 Rad8 28.Rd1
Rd7 29.Bf1 Rfd8 30.b4 Rd4 31.Qc2 Kg7 32.b5 Qd7 33.Be2 h5 34.h4 Rd6 35.Bf1 
Nd4 36.Qc1 Qc7 37.Qc3 a6 38.bxa6 Rxa6 39.Ra1 Rda8 40.Kg2 Qc6 41.Kh2 b5 42.
cxb5 Nxb5 43.Qb2 Nd4 44.Qc3 Rb6 45.Rc1 Nb3 46.Rb1 Rxa3 47.Rfb2 Qa4 48.Be2 
Qb4 49.Qc4 Qxc4 50.dxc4 Rb4 51.Bd1 Nd2 52.Rxb4 cxb4 53.Rxb4 Nxe4 54.Rb3 
Ra2+ 55.Kg1 Ra1 56.Rd3 Nxg3 57.Kg2 Nf5 58.Kh3 Rc1 59.Rd7+ Kh6 60.Be2 Rc3+ 
61.Kg2 Rc2 62.Kf2 0-1

[Event "I Open"]
[Site "Crema ITA"]
[Date "1999.09.19"]
[Round "5"]
[White "Vecchia, Mario"]
[Black "Cammarota, Vittorio"]
[Result "1-0"]
[WhiteElo "1488"]
[BlackElo "1618"]
[PlyCount "49"]
[EventDate "1999.09.17"]

1.e4 e6 2.d4 d5 3.exd5 exd5 4.Nf3 Nc6 5.Bb5 Bd7 6.O-O Be7 7.Re1 Nf6 8.Qe2 
Kf8 9.Nc3 Bd6 10.Bg5 Be6 11.Bxc6 bxc6 12.Ne5 Qe8 13.Bxf6 gxf6 14.Ng4 Qe7 
15.Qf3 Kg7 16.Ne3 Qd7 17.Ne2 Rae8 18.Ng3 Bxg3 19.Qxg3+ Kf8 20.Qh4 Qd8 21.
Ng4 f5 22.Qh6+ Ke7 23.Qf6+ Kd7 24.Ne5+ Kd6 25.Nxf7+ 1-0

[Event "I Open"]
[Site "Crema ITA"]
[Date "1999.09.19"]
[Round "6"]
[White "Agnelli, Francesco"]
[Black "Everet, Alexandro"]
[Result "1/2-1/2"]
[WhiteElo "2090"]
[BlackElo "2294"]
[PlyCount "84"]
[EventDate "1999.09.17"]

1.e4 g6 2.d4 d6 3.Nc3 Bg7 4.Be3 c6 5.Qd2 Nf6 6.f3 Qa5 7.Bd3 Na6 8.Nge2 Bd7
9.O-O e5 10.Kh1 O-O-O 11.a3 exd4 12.Nxd4 Qc7 13.b4 Nb8 14.Rab1 a6 15.Qf2 
Rde8 16.Nb3 Be6 17.Na4 Nbd7 18.Rfd1 Kd8 19.c4 Ke7 20.Nd4 Kf8 21.Rbc1 Kg8 
22.Nc3 Ne5 23.Nxe6 fxe6 24.Bf1 h6 25.Qd2 Nf7 26.Bd3 Kh7 27.Bb1 Rhg8 28.Ne2
Bf8 29.Nd4 Qe7 30.Re1 Rd8 31.Qa2 e5 32.Ne2 Nh5 33.g4 Qf6 34.Kg2 Ng5 35.Rf1
Nf4+ 36.Nxf4 exf4 37.Bf2 Bg7 38.Rcd1 Nf7 39.h3 Rge8 40.Rd2 Qe6 41.Rfd1 Be5
42.c5 Qf6 1/2-1/2

[Event "I Open"]
[Site "Crema ITA"]
[Date "1999.09.19"]
[Round "6"]
[White "Bellini, Roberto"]
[Black "Scarpellini, Felice"]
[Result "1/2-1/2"]
[WhiteElo "1461"]
[BlackElo "1540"]
[PlyCount "83"]
[EventDate "1999.09.17"]

1.d4 Nf6 2.c4 e6 3.Nc3 d5 4.cxd5 exd5 5.e3 Be7 6.Bd3 O-O 7.Qc2 Nbd7 8.Nge2
c6 9.Bd2 b6 10.O-O Bb7 11.Rfe1 c5 12.b3 Rc8 13.Ng3 Re8 14.Rac1 Bf8 15.Qb2 
g6 16.Nce2 Bg7 17.f3 Nf8 18.Qb1 Ne6 19.dxc5 bxc5 20.h4 h5 21.Kf2 Ba8 22.
Nc3 c4 23.Bc2 Rb8 24.Nce2 d4 25.exd4 Nd5 26.Bxg6 fxg6 27.Qxg6 Qf6 28.Qxh5 
cxb3 29.axb3 Nxd4 30.Nc3 Ne7 31.Nce4 Qg6 32.Qg5 Qxg5 33.Bxg5 Nec6 34.Nh5 
Kh8 35.Nxg7 Kxg7 36.Bf6+ Kg6 37.Bxd4 Nxd4 38.Ra1 Nc2 39.Ra6+ Rb6 40.Rxb6+ 
axb6 41.Rd1 Re6 42.Rd2 1/2-1/2

[Event "I Open"]
[Site "Crema ITA"]
[Date "1999.09.19"]
[Round "6"]
[White "Braghetta, Sergio"]
[Black "Mastrorilli, Nicola"]
[Result "1-0"]
[WhiteElo "2270"]
[BlackElo "1932"]
[PlyCount "97"]
[EventDate "1999.09.17"]

1.d4 Nf6 2.Nf3 e6 3.Bg5 Be7 4.Nbd2 d5 5.e3 O-O 6.Bd3 b6 7.Qe2 Bb7 8.O-O 
Nbd7 9.c3 c5 10.Rad1 Ne4 11.Bxe7 Qxe7 12.Bb5 Nd6 13.Bd3 Rfc8 14.Ne5 Nf8 
15.f4 f6 16.Ng4 Rc7 17.Rf3 Ne4 18.Nf2 f5 19.Rh3 Nxd2 20.Qxd2 c4 21.Bc2 b5 
22.g4 g6 23.Rg3 Kh8 24.Kg2 a5 25.Rh1 Bc6 26.h4 Be8 27.Nh3 Raa7 28.Ng5 Qf6 
29.Nf3 Rg7 30.Ne5 Nd7 31.Nf3 Nf8 32.Bd1 Qd8 33.Ne5 Qb6 34.h5 b4 35.gxf5 
gxf5 36.Rh3 bxc3 37.bxc3 Rab7 38.Rxg7 Kxg7 39.Rg3+ Kh8 40.Kh3 Qd8 41.Qg2 
Ng6 42.hxg6 hxg6 43.Rg5 a4 44.Kg3 a3 45.Kf3 Rb2 46.Qh3+ Kg7 47.Ba4 Rxa2 
48.Bxe8 Qxe8 49.Qh5 1-0

[Event "I Open"]
[Site "Crema ITA"]
[Date "1999.09.19"]
[Round "6"]
[White "Del Giudice, Stefano"]
[Black "Sgro', Antonino"]
[Result "1-0"]
[WhiteElo "1783"]
[BlackElo "1797"]
[PlyCount "59"]
[EventDate "1999.09.17"]

1.e4 c5 2.Nc3 e6 3.g3 Nc6 4.Bg2 Nf6 5.d3 a6 6.f4 d5 7.e5 Nd7 8.Nf3 b5 9.
Qe2 Nb6 10.O-O b4 11.Nd1 Bb7 12.f5 Be7 13.fxe6 fxe6 14.Bh3 Kd7 15.c3 a5 
16.Bxe6+ Kxe6 17.Ng5+ Kd7 18.Qg4+ Ke8 19.Nf7 Nxe5 20.Nxe5 Bf6 21.Qh5+ Ke7 
22.Qf7+ Kd6 23.Bf4 Bxe5 24.Bxe5+ Kc6 25.Bxg7 Rg8 26.Rf6+ Kb5 27.Qxb7 Rb8 
28.c4+ dxc4 29.dxc4+ Kxc4 30.Qa6+ 1-0

[Event "I Open"]
[Site "Crema ITA"]
[Date "1999.09.19"]
[Round "6"]
[White "Dragojlovic, Andjelko"]
[Black "Isonzo, David"]
[Result "1-0"]
[WhiteElo "2350"]
[BlackElo "2257"]
[PlyCount "75"]
[EventDate "1999.09.17"]

1.e4 e6 2.d4 d5 3.Nc3 Nf6 4.e5 Nfd7 5.f4 c5 6.Nce2 Nc6 7.c3 f6 8.Nf3 Qb6 
9.a3 a5 10.Ng3 Be7 11.Bd3 O-O 12.Qc2 f5 13.Be3 a4 14.O-O Qa5 15.dxc5 Nxc5 
16.Bxc5 Qxc5+ 17.Kh1 Bd7 18.Ne2 Qb6 19.h3 Bc5 20.Rad1 Rac8 21.Qb1 Rc7 22.
Kh2 g6 23.g3 Rfc8 24.Qa2 Na5 25.Ned4 Nb3 26.Be2 Bxd4 27.Nxd4 Nxd4 28.Rxd4 
Qxd4 29.cxd4 Rc2 30.Rf2 Bb5 31.Qb1 Bxe2 32.Qe1 Bd3 33.Rxc2 Rxc2+ 34.Kg1 
Rxb2 35.Qa5 b5 36.Qd8+ Kg7 37.Qf6+ Kh6 38.g4 1-0

[Event "I Open"]
[Site "Crema ITA"]
[Date "1999.09.19"]
[Round "6"]
[White "Drei, Andrea"]
[Black "Di Cataldo, Cesare"]
[Result "1-0"]
[WhiteElo "2349"]
[BlackElo "1803"]
[PlyCount "61"]
[EventDate "1999.09.17"]

1.e4 e5 2.Nf3 Nc6 3.Bb5 d6 4.d4 exd4 5.Nxd4 Bd7 6.Nc3 Nf6 7.O-O Be7 8.b3 
O-O 9.Re1 Nxd4 10.Qxd4 c6 11.Bf1 Ne8 12.Bf4 Qa5 13.b4 Qb6 14.Qd3 Be6 15.
Rab1 Bf6 16.Be3 Qc7 17.a4 b6 18.f4 Rd8 19.Ne2 Be7 20.c4 f5 21.Nd4 fxe4 22.
Qxe4 Bc8 23.Qxc6 Bb7 24.Qxc7 Nxc7 25.g3 Bf6 26.Bg2 Rfe8 27.Bf2 Bxg2 28.
Kxg2 Bxd4 29.Bxd4 d5 30.Rxe8+ Rxe8 31.Be5 1-0

[Event "I Open"]
[Site "Crema ITA"]
[Date "1999.09.19"]
[Round "6"]
[White "Epitome, Nando"]
[Black "Scarrone, Alberto"]
[Result "0-1"]
[WhiteElo "1528"]
[BlackElo "1512"]
[PlyCount "72"]
[EventDate "1999.09.17"]

1.d4 Nf6 2.c4 e6 3.Nc3 d5 4.Nf3 c6 5.Bg5 Nbd7 6.a3 h6 7.Bh4 Be7 8.e3 O-O 
9.c5 b6 10.b4 bxc5 11.dxc5 Qc7 12.Be2 a5 13.O-O axb4 14.axb4 Bb7 15.Qb3 
Rxa1 16.Rxa1 Ra8 17.Rxa8+ Bxa8 18.Qa4 Qc8 19.h3 Bb7 20.Bd3 e5 21.Bf5 e4 
22.Ne5 g5 23.Bg3 h5 24.h4 g4 25.Bf4 Kg7 26.Bg5 Qc7 27.Nxd7 Nxd7 28.Bxe7 
Qe5 29.Bxd7 Qxc3 30.Bxc6 Bc8 31.Qd1 Kh7 32.b5 d4 33.Bxe4+ Kg8 34.exd4 g3 
35.f3 Qe3+ 36.Kh1 Qf2 0-1

[Event "I Open"]
[Site "Crema ITA"]
[Date "1999.09.19"]
[Round "6"]
[White "Luciani, Valerio"]
[Black "Mrdja, Milan"]
[Result "1/2-1/2"]
[WhiteElo "2229"]
[BlackElo "2425"]
[PlyCount "60"]
[EventDate "1999.09.17"]

1.Nf3 d5 2.d4 c6 3.Nbd2 Nf6 4.g3 Bf5 5.Bg2 h6 6.b3 e6 7.Bb2 Nbd7 8.O-O Bd6
9.c4 O-O 10.e3 Re8 11.Qe2 Qb8 12.Rac1 a5 13.a3 Bh7 14.Rfd1 Bc7 15.Bf1 Qd8 
16.Bg2 Qe7 17.Qe1 Bd6 18.Ra1 Bc7 19.Rac1 Kh8 20.Bf1 Rad8 21.Be2 Rf8 22.Qf1
Rc8 23.Bd3 Ne4 24.Qe2 f6 25.Nf1 Rce8 26.cxd5 exd5 27.Qc2 Bd6 28.Ra1 Qf7 
29.N3d2 f5 30.Bc3 Ra8 1/2-1/2

[Event "I Open"]
[Site "Crema ITA"]
[Date "1999.09.19"]
[Round "6"]
[White "Mione, Dario"]
[Black "Prelati, Maurizio"]
[Result "0-1"]
[WhiteElo "2303"]
[BlackElo "2129"]
[PlyCount "54"]
[EventDate "1999.09.17"]

1.d4 Nf6 2.Nf3 g6 3.g3 Bg7 4.Bg2 O-O 5.O-O d6 6.c4 Nbd7 7.Nc3 e5 8.e4 c6 
9.b3 b5 10.dxe5 dxe5 11.cxb5 cxb5 12.Nxb5 Nxe4 13.Ng5 Nxg5 14.Bxg5 Qxg5 
15.Bxa8 e4 16.Qd5 Qxd5 17.Bxd5 Bxa1 18.Rxa1 Nf6 19.Bc4 a5 20.Nd6 Kg7 21.
Re1 Rd8 22.Nxf7 Rd2 23.a4 Ng4 24.Ng5 Nxf2 25.Bf1 Bb7 26.Bg2 Nd3 27.Nxe4 
Rxg2+ 0-1

[Event "I Open"]
[Site "Crema ITA"]
[Date "1999.09.19"]
[Round "6"]
[White "Mondello, Fernando"]
[Black "Roncaglioli, Filippo"]
[Result "1-0"]
[WhiteElo "1563"]
[BlackElo "1440"]
[PlyCount "55"]
[EventDate "1999.09.17"]

1.e4 c5 2.Nf3 d6 3.d4 cxd4 4.Nxd4 Nf6 5.Nc3 a6 6.Bc4 e6 7.Bb3 b5 8.Be3 Bb7
9.f3 Nc6 10.Qd2 Nxd4 11.Qxd4 Qc7 12.O-O-O Be7 13.g4 Kf8 14.h4 h5 15.g5 Nd7
16.g6 Nc5 17.gxf7 Nxb3+ 18.axb3 e5 19.Qd2 Bf6 20.Qxd6+ Qxd6 21.Rxd6 Rd8 
22.Rxd8+ Bxd8 23.Rd1 Bxh4 24.Bc5+ Be7 25.Rd8+ Kxf7 26.Rxh8 Bg5+ 27.Kd1 Kf6
28.Rxh5 1-0

[Event "I Open"]
[Site "Crema ITA"]
[Date "1999.09.19"]
[Round "6"]
[White "Rigo, Gianfrancesco"]
[Black "Aglio, Michele"]
[Result "1-0"]
[WhiteElo "1873"]
[BlackElo "1648"]
[PlyCount "53"]
[EventDate "1999.09.17"]

1.e4 c5 2.Nf3 d6 3.d4 cxd4 4.Qxd4 Nc6 5.Bb5 Bd7 6.Bxc6 Bxc6 7.Nc3 e5 8.Qd3
h6 9.Be3 Nf6 10.O-O-O Be7 11.h3 O-O 12.g4 Nd7 13.h4 Nb6 14.h5 f5 15.gxf5 
Rxf5 16.Qe2 Rf7 17.Nxe5 Rf6 18.Rhg1 Be8 19.Ng4 Kh7 20.Nxf6+ Bxf6 21.e5 
Bxe5 22.Ne4 Na4 23.Bd4 Bxd4 24.Rxd4 Qb6 25.Nf6+ Kh8 26.Rxa4 Bxa4 27.Qe7 
1-0

[Event "I Open"]
[Site "Crema ITA"]
[Date "1999.09.19"]
[Round "6"]
[White "Rovedi, Mauro"]
[Black "Annoni, Riccardo"]
[Result "1/2-1/2"]
[WhiteElo "1654"]
[BlackElo "1855"]
[PlyCount "73"]
[EventDate "1999.09.17"]

1.f4 d5 2.Nf3 c5 3.e3 Nf6 4.b3 e6 5.Bb2 Bd6 6.Nc3 Nc6 7.Bb5 Bd7 8.O-O O-O 
9.Ne2 a6 10.Bxc6 Bxc6 11.Ne5 Rc8 12.Ng3 b5 13.Nh5 Nxh5 14.Qxh5 Be8 15.Qg4 
f5 16.Qe2 c4 17.Bd4 Qh4 18.c3 Qe7 19.Rfb1 Qd8 20.b4 a5 21.a3 a4 22.d3 Qh4 
23.Nf3 Qh6 24.dxc4 dxc4 25.Rd1 Bc6 26.Qf2 Rcd8 27.Rd2 Bd5 28.Ng5 Qg6 29.
Rad1 h6 30.Nf3 Qh5 31.Qg3 Rd7 32.Be5 Bxe5 33.Nxe5 Rd6 34.Nf3 Rb6 35.Ne5 
Rb7 36.h3 Kh7 37.Kh2 1/2-1/2

[Event "I Open"]
[Site "Crema ITA"]
[Date "1999.09.19"]
[Round "6"]
[White "Sartorio, Diego"]
[Black "Agrifoglio, Fabio"]
[Result "1-0"]
[WhiteElo "1594"]
[BlackElo "2010"]
[PlyCount "117"]
[EventDate "1999.09.17"]

1.e4 e6 2.d4 d5 3.Nd2 Nf6 4.e5 Nfd7 5.Bd3 c5 6.c3 Nc6 7.Ne2 cxd4 8.cxd4 
Qb6 9.Nf3 f6 10.exf6 Nxf6 11.O-O Bd6 12.Re1 O-O 13.Bf4 Qc7 14.Bxd6 Qxd6 
15.Nc3 a6 16.Rc1 b5 17.Ne5 Nxd4 18.Bxh7+ Nxh7 19.Qxd4 Qd8 20.Re3 Qg5 21.
Ne2 Qf5 22.Rf3 Qe4 23.Qxe4 dxe4 24.Rxf8+ Nxf8 25.Rc7 a5 26.Nc3 Ba6 27.Nxe4
Rc8 28.Rxc8 Bxc8 29.Nd6 Ba6 30.Nc6 b4 31.Nxa5 Nd7 32.a3 bxa3 33.bxa3 Nc5 
34.g3 Kf8 35.Nc6 g6 36.f4 Kg7 37.Kf2 Kf6 38.Ke3 g5 39.Nb4 gxf4+ 40.gxf4 
Bf1 41.Ne4+ Nxe4 42.Kxe4 Bg2+ 43.Ke3 e5 44.fxe5+ Kxe5 45.Nd3+ Kf5 46.a4 
Ba8 47.Nf2 Kg5 48.a5 Bb7 49.Ke2 Ba6+ 50.Kf3 Bb7+ 51.Kg3 Ba6 52.Ne4+ Kf5 
53.Nc5 Bb5 54.a6 Bxa6 55.Nxa6 Kf6 56.Kf4 Kg7 57.Kg5 Kh7 58.Nc7 Kg7 59.h4 
1-0

[Event "I Open"]
[Site "Crema ITA"]
[Date "1999.09.19"]
[Round "6"]
[White "Sberse, Luca"]
[Black "Faggiani, Marco"]
[Result "1-0"]
[WhiteElo "1527"]
[BlackElo "1605"]
[PlyCount "95"]
[EventDate "1999.09.17"]

1.Nf3 d5 2.g3 e6 3.Bg2 c6 4.b3 Nf6 5.Bb2 Nbd7 6.O-O Bd6 7.d3 e5 8.Nbd2 O-O
9.e4 Re8 10.Re1 b6 11.a3 Bb7 12.h4 dxe4 13.dxe4 Nc5 14.Nh2 Qc7 15.b4 Ne6 
16.Nc4 Rad8 17.Qe2 Ba6 18.c3 Nf8 19.Nf3 Bxc4 20.Qxc4 b5 21.Qe2 N8d7 22.c4 
bxc4 23.Qxc4 Nb6 24.Qc2 c5 25.Rac1 Nfd7 26.Bf1 Qb7 27.b5 Nb8 28.Nd2 a6 29.
a4 axb5 30.axb5 N6d7 31.Nc4 Bc7 32.Ne3 Nf6 33.f3 Nbd7 34.Red1 Bb6 35.Nc4 
Bc7 36.Rd2 h6 37.Rcd1 Qb8 38.Bc1 Nb6 39.Bb2 Nxc4 40.Bxc4 Rxd2 41.Rxd2 Rd8 
42.Qd1 Rxd2 43.Qxd2 Qb6 44.Kg2 Qb7 45.Qd3 Bd6 46.Qxd6 Nxe4 47.Qd8+ Kh7 48.
Bd3 1-0